Algebra lineal
| Main Author: | |
|---|---|
| Format: | Section = Libro |
| Language: | Undetermined Spanish |
| Published: |
México
México
2004
|
| Subjects: |
| LEADER | 00543nam a2200217Ia 4500 | ||
|---|---|---|---|
| 008 | 240829s9999 xx 000 0 und d | ||
| 020 | |a 970-15-0990-0 | ||
| 040 | |a BIBLIOTECA-RUPAP 512.5 A394 | ||
| 041 | |a spa | ||
| 082 | |a 512.5 A394 | ||
| 100 | 1 | |a Bru, Rafael | |
| 245 | 1 | 0 | |a Algebra lineal |
| 260 | |a México |b México |c 2004 | ||
| 300 | |a 588 p. :il. | ||
| 650 | 7 | |a ALGEBRA LINEAL | |
| 650 | 7 | |b ECUACIONES LINEALES | |
| 650 | 7 | |c MATRICES | |
| 650 | 7 | |d ALGEBRA LINEAL - NUMERICA. I. Tít. | |
| 942 | |c BK |2 ddc | ||
| 991 | |a TEXTO | ||
| 999 | |c 7462 | ||